000 00460nam a2200145Ia 4500
008 100122s9999 xx 000 0 und d
082 _b51001
_a823
100 _aपाठक सुरेश
245 _aअस्त अस्मितेचा
260 _bअश्वमेध प्रकाशन
_c1995
300 _a255
630 _aअस्त अस्मितेचा
730 _aअस्त अस्मितेचा
942 _cBOOK
999 _c428569
_d428566